000 00819nam a2200253Ia 4500
003 OSt
005 20220923221354.0
006 a|||||r|||| 00| 0
007 ta
008 220922b |||||||| |||| 00| 0 hin d
024 _a197,443
037 _cTextual
040 _aARTS
_cARTS
_bhin
041 _2hin
_ahin
082 _aO152,6M90x, K7
100 _aविद्यार्थी, गणेशशंकर
245 0 _aकर्मवीर
246 _aKarmavīra
260 _aनई दिल्ली
_b आत्माराम एण्ड संस
_c1967
300 _a109पृ.
_ccm.
650 _aहिन्दी साहित्य
_9156264
942 _hO152,6M90x, K7
_cTEXL
_2CC
999 _c349314
_d349314